000 00780nam a22002417a 4500
999 _c17401
_d17401
003 AR-CdUCM
008 190508b ||||| |||| 00| 0 spa d
040 _aMUNICIPALIDAD PROVINCIAL DEL CUSCO
_cBIBLIOTECA MUNICIPAL DEL CUSCO
041 _heng
082 _a940.545 /
_bF76
100 _aForester, C. S.
_937390
245 _aLos últimos días del Bismarck /
260 _aMéxico, D.F :
_bGrijalbo Argentina,
_c1960.
300 _a142 páginas ;
_bIlustraciones,
_c20 cm.
440 _aMosaico ;
_937391
650 _aBismarck (Acorazado)
_937392
650 _aGuerra Mundial, 1939-1945
_918335
650 _aOperaciones navales
_937393
650 _aInglaterra
_91396
700 _aBarberá, Manuel (traductor)
_926773
942 _2ddc
_cLIBROS
945 _aacv
_d2019-05-08